000 01440cam a2200397Ia 4500
001 46685
005 20230411085958.0
008 020418s2009 fr 001 0 fre d
035 _a(OCoLC)ocn470583784
040 _aBDF
_bfre
_cBDF
015 _a00938727
_2bnf
016 7 _aFRBNF420075020000001
_2FrPBN
020 _a9782301000392 (br)
020 _a2301000397 (br)
029 1 _aZWZ
_b134385381
035 _a(OCoLC)470583784
082 1 _a320.120 94
_222
049 _aGRAL
100 1 _aDumont, Gerard-Francois,
_d1948-.
245 1 0 _aGeopolitique de l'Europe /
_cGerard-Francois Dumont, Pierre Verluise.
260 _aParis :
_bEd. Sedes,
_cimpr. 2009
_e(impr. en Belgique)
300 _a319 p. :
_bill., couv. ill. en coul. ;
_c25 cm.
490 0 _aCollection Impulsion : prâepas
500 _aNotes bibliogr. Index.
650 7 _aIdentitâe collective
_zEurope
_xHistoire.
_2ram
651 7 _aEurope
_xUnitâe
_y1945-....
_2ram
651 7 _aPays de l'Union europâeenne
_xRelations extâerieures
_y1990-....
_2ram
700 1 _aVerluise, Pierre.
_4aut
760 0 _tImpulsion (Paris. 2007),
_d2009
_x2101-0900
_w(FrPBN)41450291
856 4 2 _3Notice et cote du catalogue de la Bibliotháeque nationale de France
_uhttp://catalogue.bnf.fr/ark:/12148/cb42007502h
886 1 _2intermrc
_a009
_ba--dh-us-----------
886 2 _2intermrc
_a680
_b0-
_a320
_b320
942 _2lcc
_cbk
994 _aC0
_bDRFGD
946 _aYSL
999 _c110381
_d110381